| 000 | 00916nam a22002177a 4500 | ||
|---|---|---|---|
| 999 |
_c2926 _d2926 |
||
| 003 | AR-CdUCM | ||
| 008 | 190305b ||||| |||| 00| 0 spa d | ||
| 040 |
_aMUNICIPALIDAD PROVINCIAL DEL CUSCO _cBIBLIOTECA MUNICIPAL DEL CUSCO |
||
| 082 |
_a301.5 / _bM22 |
||
| 245 |
_aManual de tecnología para la humanidad : _bPor los voluntarios para las asistencia técnica internacional / |
||
| 260 |
_aMéxico : _bPublicidad artística litográfica, _c1972. |
||
| 300 |
_a345 paginas ; _bimágenes, diagramas, _c28 cm. |
||
| 505 | _aContenido :Recursos hidráulicos --Salud y saneamiento --Agricultura --Elaboración y conservación de alimentos --Construcción ... | ||
| 650 |
_aTecnologia _91571 |
||
| 650 |
_aSociedad _953 |
||
| 650 |
_aDesarrollo _92021 |
||
| 710 |
_aCentro regional de ayuda tecnica _910048 |
||
| 710 |
_aAgencia para el desarrollo internacional (AID) _910049 |
||
| 942 |
_2ddc _cLIBROS |
||
| 945 | _arjall | ||